00406nam a2200157Ia 450000500170000000800410001702000150005808200190007310000130009224500620010526000370016730000120020465000110021665000110022765000100023820241219005218.0240331s9999 xx 000 0 und d a8188965030 bSHA25480a305 aRouse, S 0aShifting Body PoliticsbGender, Nation, State in Pakistan aNew DelhibWomen Unlimitedc2004 a155 p., aGender aNation aState